A condensed history of the various estates and property that have been submitted to auction, and by private treaty sold through the instrumentality of Mr. Geo. Robins, from the year 1815 to 1842 (Record no. 114885)
[ view plain ]
| 000 -LEADER | |
|---|---|
| fixed length control field | 02056cam a22002175a 4500 |
| 001 - CONTROL NUMBER | |
| control field | L157638 |
| 005 - DATE AND TIME OF LATEST TRANSACTION | |
| control field | 20260422163135.0 |
| 008 - FIXED-LENGTH DATA ELEMENTS--GENERAL INFORMATION | |
| fixed length control field | 130213s1842 xxk f 000 0 eng d |
| 035 ## - SYSTEM CONTROL NUMBER | |
| System control number | (Sirsi) u157638 |
| 041 0# - LANGUAGE CODE | |
| Language code of text/sound track or separate title | eng |
| 100 1# - MAIN ENTRY--PERSONAL NAME | |
| Personal name | Robins, George Henry |
| Dates associated with a name | 1778-1847 |
| 245 02 - TITLE STATEMENT | |
| Title | A condensed history of the various estates and property that have been submitted to auction, and by private treaty sold through the instrumentality of Mr. Geo. Robins, from the year 1815 to 1842 |
| 260 ## - PUBLICATION, DISTRIBUTION, ETC. | |
| Date of publication, distribution, etc. | 1842 |
| 300 ## - PHYSICAL DESCRIPTION | |
| Extent | 9 volumes; |
| Dimensions | 34 cm. |
| Other physical details | red binding |
| 520 ## - SUMMARY, ETC. | |
| Summary, etc. | Index volume. |
| 520 ## - SUMMARY, ETC. | |
| Summary, etc. | Cover title: A general index, of the various estates & property that have been submitted to auction by, Mr Geo. Robins, from 1815 to 1842. 9 volumes, approx 567 properties in all, many with lithographic plates and plans, most properties in Britain and Ireland, but some in Europe and New Zealand at the time of the signing of the Treaty of Waitangi in 1840, also estates in the West Insides, New York and Canada. <br/>Vol I: approx. 75 estates and properties, including Vauxhall Gardens (1818) and the Marquis of Ormonde’s Estates (1824);<br/>Vol II: approx. 57 estates and properties, including Fonthill Abbey estate (1829);<br/>Vol III: approx. 58 estates and properties, including Garrick Theatre, Leman Street (1832) and the Pantheon, Oxford Street (1833);<br/>Vol IV: approx. 51 estates and properties, including land and estates in Virginia (1835 and 1836), Vauxhall Pottery (1835);<br/>Vol V: approx. 67 estates and properties including Marble Hill, Twickenham (1837);<br/>Vol VI: approx. 54 estates and properties including land in the Bay of Islands, New Zealand (1840);<br/>Vol VII: approx. 85 estates and properties, including New Zealand Land Orders and further land at the Bay of Islands.<br/>Vol VIII: approximately 70 estates and properties. including various very large estates;<br/>Vol IX: 47 estates and properties.<br/> |
| 583 ## - ACTION NOTE | |
| Action | Condition reviewed |
| Time/date of action | 20120620 |
| Status | condition level 4 |
| 651 #4 - SUBJECT ADDED ENTRY--GEOGRAPHIC NAME | |
| Geographic name | Great Britain |
| Chronological subdivision | 1707- |
| 690 ## - LOCAL SUBJECT ADDED ENTRY--TOPICAL TERM (OCLC, RLIN) | |
| Topical term or geographic name as entry element | Auctioneering |
| 9 (RLIN) | 6218 |
| 942 ## - ADDED ENTRY ELEMENTS (KOHA) | |
| Suppress in OPAC | 0 |
| Source of classification or shelving scheme | Dewey Decimal Classification |
| Withdrawn status | Lost status | Source of classification or shelving scheme | Damaged status | Not for loan | Home library | Current library | Shelving location | Date acquired | Total Checkouts | Full call number | Barcode | Date last seen | Copy number | Price effective from | Koha item type |
|---|---|---|---|---|---|---|---|---|---|---|---|---|---|---|---|
| Dewey Decimal Classification | Historic collection | Historic collection | Historic collection | 13/02/2013 | FOLIO 1842 ROBINS | 30076779 | 20/04/2026 | 1 | 06/08/2019 | Book |